000 01279nam a2200337 c 4500
003 BLK
005 20200309150752.0
008 180408b bul|||||r ||||||| ||bul||
010 _aKNG00068060000
020 _a5-7632-0141-8
_bиздат.: Армада
040 _aBLK
041 _aRUS
_cRUS
080 _aАмериканска литература (на САЩ)
_b821.111(73)
_x-312.9
_z821.111(73)-312.9
100 1 _aКоул, Аллан
_eпърви автор
_9291625
700 1 _aБанч, Крис
_eсъавт.
_936426
139 _aКоул, Аллан и др.
_bК 87
245 1 0 _aИстория воина
_bФантаст. роман
_cАллан Коул; съавт. Крис Банч.
257 _aUSA
260 Москва
_bАрмада
_c1996
_fСамара : Самарский Дом печати
300 _a441 с.
_bс ил.
_c21 см
380 _aX
490 1 _aФантастический боевик
500 _aОриг. загл. The Warrior's Tale / Allan Cole and Chris Bunch. - 55 000 тир.
653 _aфантастика
653 _aромани
852 _aЦб 168203
856 4 _qpdf
_u
856 4 _qpdf
_u
942 _cKNG
_n0
_01
944 _aCR
_c12.09.2011
_lф /
_kЛюдмила_Стоянова
944 _aED
_c28.10.2011
_lф /
_k
999 _c63801
_d63801